000
00315 a2200145 4500
001
109475
041
_a
por
090
_a
A IMPRESSORA SILHOUETTE CAMEO
245
1
0
_a
Impressora Silhouette Cameo
250
_a
. ed.
300
_a
Cameo
040
_a
BR-BrIDEA
_c
BR-BrIDEA
260
_a
[S.l.]
_c
2018
942
_c
DE
999
_c
109475
_d
109475